| 000 | 00478cam a2200181ua 4500 | ||
|---|---|---|---|
| 020 |
_a0-412-24000-9 _c156.62/- |
||
| 041 |
_aeng _h |
||
| 082 |
_a519.5 _bWET/EL |
||
| 100 | _aWetherill, G Barrie . | ||
| 245 |
_aElementary statistical methods / _cBarrie G Weterill. _hTextual Documents |
||
| 250 |
_a3 / _b. |
||
| 260 |
_aLondon : _bChapman and Hall Ltd , _c1982. |
||
| 300 | _a356 ; . | ||
| 365 | _a156.62/- | ||
| 504 | _a | ||
| 942 | _cBK | ||
| 999 |
_c2042 _d2042 |
||